Statistics for Top 20 Most Successful School Rugby Teams in Ireland

Click here to take the quiz!

General Stats

  • This quiz has been taken 11 times
  • The average score is 4 of 22

Answer Stats

NSchoolCountyTitles% Correct
1BlackrockDún Laoghaire-Rathdown, Co. Dublin70
91%
14TerenureDublin, Co. Dublin10
45%
5Christian BrothersCork, Co. Cork31
27%
3MethodistBelfast, Co. Antrim37
27%
20St. Mary'sDublin, Co. Dublin5
27%
15The RoyalArmagh, Co. Armagh9
27%
8CampbellBelfast, Co. Antrim24
18%
2GarballyBallinasloe, Co. Galway48
18%
7RockwellCashel, Co. Tipperary26
18%
10Sligo GrammarSligo, Co. Sligo12
18%
10Belvedere CollegeDublin, Co. Dublin12
9%
18CastleknockCastleknock, Co. Dublin8
9%
15Clongowes WoodClane, Co. Kildare9
9%
10CrescentDooradoyle, Co. Limerick12
9%
5Presentation BrothersCork, Co. Cork31
9%
10St. Joseph'sGalway, Co. Galway12
9%
20Bangor GrammarBangor, Co. Down5
0%
9Colaiste IognaidGalway, Co. Galway14
0%
15Coleraine Academical InstitutionColeraine, Co. Armagh9
0%
19Portora RoyalEnniskillen, Co. Fermanagh6
0%
4Royal Belfast Academical InstitutionBelfast, Co. Antrim33
0%
20St. Munchin'sCorbally, Co. Limerick5
0%

Score Distribution

Percentile by Number Answered

Percent of People with Each Score

Your Score History

You have not taken this quiz